Statistics for Gonzaga Basketball: Leading Scorer Every Year

Click here to take the quiz!

General Stats

  • This quiz has been taken 19 times
    (13 since last reset)
  • The average score is 20 of 64

Answer Stats

YearPlayerAverage% Correct
2021-2022Drew Timme18.4
100%
2020-2021Drew Timme19.0
100%
2004-2005Adam Morrison19.0
85%
2005-2006Adam Morrison28.1
85%
1983-1984John Stockton20.9
69%
2012-2013Kelly Olynyk17.8
69%
2001-2002Dan Dickau21.0
62%
2016-2017Nigel Williams-Goss16.8
62%
2011-2012Kevin Pangos13.6
54%
2015-2016Kyle Wiltjer20.4
54%
2014-2015Kyle Wiltjer16.8
54%
2007-2008Matt Bouldin12.6
54%
2009-2010Matt Bouldin15.6
54%
2003-2004Ronny Turiaf15.5
54%
2018-2019Rui Hachimura19.7
54%
2013-2014Sam Dower / Kevin Pangos14.4
54%
2002-2003Blake Stepp18.0
46%
2000-2001Casey Calvary19.0
46%
1959-1960Frank Burgess28.9
46%
1960-1961Frank Burgess32.4
46%
2017-2018Johnathan Williams13.4
46%
1999-2000Richie Frahm16.9
46%
1998-1999Richie Frahm14.4
46%
2010-2011Steven Gray13.9
46%
2006-2007Derek Raivio18.0
38%
2019-2020Filip Petrusev17.5
31%
2008-2009Josh Heytvelt14.9
31%
1982-1983Bryce McPhee16.6
23%
1984-1985Bryce McPhee16.1
23%
1990-1991Jarrod Davis19.6
23%
1991-1992Jeff Brown17.9
23%
1992-1993Jeff Brown16.7
23%
1993-1994Jeff Brown21.0
23%
1986-1987Jim McPhee15.8
23%
1989-1990Jim McPhee23.6
23%
1997-1998Bakari Hendrix19.9
15%
1966-1967Gary Lechman23.1
15%
1965-1966Gary Lechman21.3
15%
1964-1965Gary Lechman18.0
15%
1971-1972Greg Sten16.9
15%
1972-1973Greg Sten17.7
15%
1994-1995John Rillie15.4
15%
1981-1982Bill Dunlap15.2
8%
1969-1970Bill Quigg13.1
8%
1970-1971Bill Quigg12.0
8%
1963-1964Bill Wilson21.0
8%
1962-1963Bill Wilson16.4
8%
1961-1962Bob Hunt20.3
8%
1956-1957Bob Turner17.3
8%
1978-1979Carl Pierce13.7
8%
1980-1981Don Baldwin13.9
8%
1988-1989Doug Spradley21.6
8%
1987-1988Doug Spradley19.6
8%
1979-1980James Sheppard15.2
8%
1985-1986Jeff Condill13.2
8%
1977-1978Jim DeWeese11.7
8%
1975-1976Jim Grady10.8
8%
1976-1977Jim Grady14.0
8%
1968-1969Joe McNair13.5
8%
1967-1968Joe McNair15.6
8%
1974-1975Ken Tyler17.3
8%
1996-1997Lorenzo Rollins16.0
8%
1995-1996Paul Rogers15.2
8%
1973-1974Stew Morrill14.9
8%

Score Distribution

Percentile by Number Answered

Percent of People with Each Score

Your Score History

You have not taken this quiz since the last reset